| 000 | 01930cam a22003855a 4500 | ||
|---|---|---|---|
| 001 | 12413383 | ||
| 005 | 20180416110100.0 | ||
| 008 | 010517s2000 mx ab grb 100 0 spa d | ||
| 010 | _a 2001378523 | ||
| 020 | _a9701825004 | ||
| 020 | _a9789701825006 | ||
| 035 | _a(MxMxBFM)bm970112595 | ||
| 040 |
_aDLC _beng _cDLC _dDLC _dEG-ScBUE |
||
| 043 | _an-mx--- | ||
| 082 | 0 | 4 |
_a363.69 _bPAT _222 |
| 111 | 2 |
_aWorld Congress on the Conservation of Monumental Heritage _d(1999 : _cMexico City, Mexico) |
|
| 245 | 1 | 0 |
_aPatrimonio y conservación arqueología _bcongreso mundial de conservación del patrimonio monumental, XII asamblea general ICOMOS, ciudad de México, octubre 17-23 de 1999 / _cMaría de la Cruz Paillés, Hernando Gómez Rueda, Noemí Castillo Tejero. |
| 246 | 3 | 3 | _aHeritage and conservation archeology world congress for the conservation of monumental heritage, XII general assembly ICOMOS, Mexico City, October 17-23, 1999 |
| 250 | _a1st ed. | ||
| 260 |
_aMéxico, D.F. : _bInstituto Nacional de Antropología e Historia, _c2000. |
||
| 300 |
_a188 p. : _bill., maps ; _c26 cm. |
||
| 504 | _aIncludes bibliographical references. | ||
| 541 | _aAmbassador Ali Al-Hafni ; | ||
| 650 | 7 |
_aMonuments _xConservation and restoration _vCongresses. _2BUEsh |
|
| 650 | 7 |
_aAntiquities _xCollection and preservation _vCongresses. _2BUEsh |
|
| 650 | 7 |
_aCultural property _xProtection _vCongresses. _2BUEsh |
|
| 650 | 7 |
_aMonuments _xConservation and restoration _zMexico _vCongresses. _2BUEsh |
|
| 651 | 7 |
_aMexico _xAntiquities _xCollection and preservation _vCongresses. _2BUEsh |
|
| 653 |
_bGGEN _cApril2018 |
||
| 700 | 1 |
_aPaillés H., Maricruz _q(Paillés Hernández), _eeditor. |
|
| 700 | 1 |
_aGómez Rueda, Hernando, _eeditor. |
|
| 700 | 1 |
_aCastillo Tejero, Noemí, _eeditor. |
|
| 710 | 2 |
_aInternational Council on Monuments and Sites. _bGeneral Assembly _n(12th : _d1999 : _cMexico City, Mexico) |
|
| 942 | _2ddc | ||
| 999 |
_c26479 _d26451 |
||